| 000 | 00874nam a22002057a 4500 | ||
|---|---|---|---|
| 999 |
_c62743 _d62743 |
||
| 005 | 20250204155903.0 | ||
| 008 | 250204s2013 enk||||| |||| 00| 0 eng d | ||
| 020 | _a9789027200563x | ||
| 041 | _aeng | ||
| 080 | _a81 E-97 | ||
| 245 |
_aExploring the Dynamics of Multilingualism / _cEditor by Anne-Claude Berthoud, François Grin, Georges Lüdi. |
||
| 264 |
_aPhiladelphia : _bJohn Benjamins Publishing Company, _c2013. |
||
| 300 |
_a440 p.; _b25 cm. |
||
| 440 |
_a (Multilingualism and Diversity Management) 2 _924252 |
||
| 653 | _aმულტილინგვიზმის დინამიკის შესწავლა | ||
| 700 |
_aClaude Berthoud, Anne _eრედაქტორი _924249 |
||
| 700 |
_aGrin, François _eრედაქტორი _924250 |
||
| 700 |
_aLüdi, Georges _eრედაქტორი _924251 |
||
| 942 |
_2udc _cᲬᲘᲒᲜᲘ |
||